| 000 | 00752cam a2200229 4500 | ||
|---|---|---|---|
| 001 | WB3549-23 | ||
| 008 | 000000n1999 000 0 eng u | ||
| 035 | _a(Sirsi) u103118 | ||
| 245 | _aReform plan 'a sham' | ||
| 260 | _c1999 | ||
| 490 |
_aScotsman _v13 December 1999, 7(1) |
||
| 520 | _aThe Scottish executive's latest land reform proposals have been criticised by four of the largest landowners in the north of Scotland as being unrepresentative of the views of the majority of responses to earlier consultation papers. | ||
| 590 | _aWB | ||
| 650 | _aLAND REFORM | ||
| 650 | _aSCOTLAND | ||
| 650 | _aLANDOWNERS | ||
| 650 | _aCONSULTATION PAPERS | ||
| 650 | _aFEUDAL SYSTEM | ||
| 650 | _aRIGHT TO BUY | ||
| 690 | _aLAND | ||
| 942 | _n0 | ||
| 999 |
_c61969 _d61969 |
||